| 000 | 00592nam a2200181 a 4500 | ||
|---|---|---|---|
| 005 | 20140412111348.0 | ||
| 008 | 050420s19uu xx 00 eng d | ||
| 020 | _a0-7613-0294-8 | ||
| 050 |
_aER _bMr58 1997 |
||
| 245 | _aMr. Koala's steam train. | ||
| 260 |
_aBrookfield, CT : _bBrainwaves Ltd., _c1997. |
||
| 300 | _a1 v. (unp.) ; ill. | ||
| 440 | _aA Magical Shape book | ||
| 520 | _aMr. Koala is building a train. Find all the shapes he needs to build his steam train unti Toot! Toot! is ready to go! | ||
| 650 |
_aShapes _xFiction |
||
| 650 | _aChildren stories | ||
| 999 |
_c105233 _d105233 |
||